000 00677nam a2200289Ia 4500
005 20260324143331.0
008 008 260324s9999 xx 000 0 eng d
020 _a9780429228759
037 _aEBOOK
040 _aCRL
040 _beng
040 _cCRL
041 _2eng
041 _aeng
084 _qCRL
100 _aEric Carlton
_91158674
245 0 _aOccupation
245 4 _bThe Policies and Practices of Military Conquerors
260 _bTaylor and Francis
260 _c1992
365 _a
365 _b255
856 _uhttp://www.taylorfrancis.com/books/9780429228759
942 _cEBOOK
999 _c1820506
_d1820506